The study on growth rate of guinea fowl by utilization of local resource at the research station of RUA, ការសិក្សាទៅលើការលូតលាស់របស់ guinea fowl ដោយប្រើប្រាស់ធនធានចំណីផ្សំក្នុងស្រុក នៅស្ថានីយ៏ចិញ្ចឹមសត្វនៃសាកលវិទ្យាល័យភូមិន្ទកសិកម្ម (Record no. 1829)
[ view plain ]
| 000 -LEADER | |
|---|---|
| fixed length control field | 00822nam a22001577a 4500 |
| 003 - CONTROL NUMBER IDENTIFIER | |
| control field | OSt |
| 005 - DATE AND TIME OF LATEST TRANSACTION | |
| control field | 20151003160537.0 |
| 008 - FIXED-LENGTH DATA ELEMENTS--GENERAL INFORMATION | |
| fixed length control field | 151003b xxu||||| |||| 00| 0 eng d |
| 040 ## - CATALOGING SOURCE | |
| Transcribing agency | RUA |
| 082 ## - DEWEY DECIMAL CLASSIFICATION NUMBER | |
| Classification number | AVM HOU 2002 B072 Or.1 |
| 100 ## - MAIN ENTRY--PERSONAL NAME | |
| 9 (RLIN) | 1934 |
| Personal name | HOUTH, SOKHA. |
| 245 ## - TITLE STATEMENT | |
| Title | The study on growth rate of guinea fowl by utilization of local resource at the research station of RUA, ការសិក្សាទៅលើការលូតលាស់របស់ guinea fowl ដោយប្រើប្រាស់ធនធានចំណីផ្សំក្នុងស្រុក នៅស្ថានីយ៏ចិញ្ចឹមសត្វនៃសាកលវិទ្យាល័យភូមិន្ទកសិកម្ម |
| 260 ## - PUBLICATION, DISTRIBUTION, ETC. (IMPRINT) | |
| Place of publication, distribution, etc. | Phnom Penh |
| Name of publisher, distributor, etc. | RUA |
| Date of publication, distribution, etc. | 2002 |
| 300 ## - PHYSICAL DESCRIPTION | |
| Extent | ix; 32p. |
| Other physical details | ill. |
| Dimensions | 29cm. |
| 942 ## - ADDED ENTRY ELEMENTS (KOHA) | |
| Source of classification or shelving scheme | |
| Koha item type | AVM |
| Price effective from | Date last seen | Permanent Location | Not for loan | Date acquired | Source of classification or shelving scheme | Koha item type | Lost status | Withdrawn status | Date last checked out | Total Checkouts | Shelving location | Damaged status | Barcode | Current Location | Full call number |
|---|---|---|---|---|---|---|---|---|---|---|---|---|---|---|---|
| 2015-10-03 | 2016-06-08 | Library Block B | 2015-10-03 | AVM | 2016-05-19 | 2 | B072 | RUA017482 | Library Block B | AVM HOU 2002 B072 Or.1 | |||||
| 2015-10-03 | 2016-06-06 | Library Block B | 2015-10-03 | AVM | 2016-05-09 | 1 | B072 | RUA017410 | Library Block B | AVM HOU 2002 B072 Or.2 | |||||
| 2015-10-03 | 2015-10-03 | Library Block B | 2015-10-03 | AVM | B072 | RUA017168 | Library Block B | AVM HOU 2002 B072 Or.3 | |||||||
| 2015-10-03 | 2015-10-03 | Library Block B | 2015-10-03 | AVM | B072 | RUA017120 | Library Block B | AVM HOU 2002 B072 Or.4 | |||||||
| 2015-10-03 | 2015-10-03 | Library Block B | 2015-10-03 | AVM | B072 | RUA017194 | Library Block B | AVM HOU 2002 B072 Or.5 | |||||||
| 2015-10-03 | 2015-10-03 | Library Block B | 2015-10-03 | AVM | B072 | RUA017263 | Library Block B | AVM HOU 2002 B072 Or.6 |